000 01373nam a22002657a 4500
003 URS
005 20240417003228.0
008 240416b |||||||| |||| 00| 0 eng d
050 0 0 _aLG 221.R59 C76072
_b2018
100 1 _aCHAVES, AILEEN GONZALES
_eResearcher
245 1 0 _aConflict management resolution among selected public high schools in Rodriguez, Rizal
_cAILEEN GONZALES CHAVES [et....al]
260 1 _c2018
300 _avii, 95 leaves
_billustrations
_c28cm
336 _2rdacontent
_atext
337 _2rdamedia
_aunmediated
338 _2rdacarrier
_avolume
502 _aUndergraduate Thesis
_bBachelor of Science in Business Administration Major in Human Resources Development Management
_cUniversity of Rizal System, Rodriguez, Rizal
_d2018
520 _aThis study aimed to know the Conflict Management Resolution among Selected Public High School at Rodriguez Rizal with 10 (ten) respondents purposively selected by the researchers. This study was conducted during the School Year 2016-2017. The researchers used descriptive-qualitative methods for the interview and gathering of information.
650 _2Conflict management resolution
700 _a CODILLA, KATHYRINE C.
_eResearcher
700 _aCOSTALES, KATRINA T.
_eResearcher
700 _aMIRAFLOR, RICKA B.
_eResearcher
700 _aINARDA, ANALYN V.
_eAdviser
942 _2lcc
_cT
999 _c78071
_d78070